=LDR 00000nam 2200000 4500 =001 INLIS000000000026564 =005 20130612125011 =008 ***********************************Ind** =035 ##$$0010-061300000026564 =041 ##$$a Ind =082 ##$$a 658 =090 ##$$a 658, Win m =100 ##$$a Winardi =245 ##$$a Motivasi dan pemotivasian dalam manajemen, Winardi =260 ##$$a 2007 $b Jakarta =300 ##$$a Xiii, 285 hlm, 21 cm =650 ##$$a Manajemen =850 ##$$a NBPNMAT =990 ##$$a 70647064 =990 ##$$a 01201436226